| 000 | 00592nam a2200169 4500 | ||
|---|---|---|---|
| 001 | 111377 | ||
| 003 | ES-MaACL | ||
| 005 | 20230906185306.0 | ||
| 007 | t| | ||
| 008 | 061121s1952 ag r ||||1| spa d | ||
| 100 | 1 |
_aNájera Angulo, Luis. _984870 |
|
| 245 | 1 | 0 |
_aNomenclátor de las enfermedades transmisibles y similitransmisibles / _cpor Luis Nájera. |
| 260 |
_aSanta Fé ( Argentina) : _bFacultad de Higiene y Medicina Preventiva, _c1952. |
||
| 300 |
_a256 p. ; _c27 cm. |
||
| 710 | 2 |
_aFacultad de Higiene y Medicina Preventiva (Santa Fé) _94069 |
|
| 852 |
_aES-MaACL _jD-8429 _bR.32950 |
||
| 999 |
_c111377 _d111377 |
||